00714 2200253 4500001002100000005001700021008004100038020001800079035002400097090001500121100002100136245008200157250001100239260004200250300001900292500004400311650002000355700001800375700001800393850001500411980001300426985000600439999001500445YOGYA-0209000006291420090227040112.0 ind  a979-511-136-1 0010-020900000062914 a177bMay S aMAYEROFF, Milton aSeni meperhatikancMilton Mayeroff; diterjemahkan, Agus Cremers, Frans Ceufin aCet. 2 aJakartabPustaka Utama Gramediac1993 a172 hlmc21 cm aJudul asli: On caring parennial Library aEtika pergaulan aCremers, Agus aCeufin, Frans aYOPDYOG(B) a19-07-06 a1 a95P0075809